书目信息 |
| 题名: |
信用管理学
|
|
| 作者: | 吴晶妹 , 韩家平 主编 | |
| 分册: | ||
| 出版信息: | 北京 高等教育出版社 2015 |
|
| 页数: | 276页 | |
| 开本: | 25cm | |
| 丛书名: | ||
| 单 册: | ||
| 中图分类: | F830.51 | |
| 科图分类: | ||
| 主题词: | 信贷管理--高等学校--教材 | |
| 电子资源: | ||
| ISBN: | 978-7-04-043395-1 | |
| 000 | 00956nam0 2200253 450 | |
| 001 | 0103659644 | |
| 005 | 20151204145517.0 | |
| 010 | @a978-7-04-043395-1@dCNY39.00 | |
| 100 | @a20151030d2015 em y0chiy0120 ea | |
| 101 | 0 | @achi |
| 102 | @aCN@b110000 | |
| 105 | @ay z 000yy | |
| 106 | @ar | |
| 200 | 1 | @a信用管理学@9Xin Yong Guan Li Xue @f吴晶妹,韩家平主编@b专著 |
| 210 | @a北京@c高等教育出版社@d2015 | |
| 215 | @a276页@d25cm | |
| 300 | @a高等学校信用管理专业主要课程系列教材 | |
| 330 | @a本书主要阐述了信用的内涵、信用管理与社会和经济的关系,介绍了信用管理行业的现状与发展、信用数据与技术,论述了社会信用体系的构成与运行机制,介绍了信用管理在金融、工商与消费领域的发展,以及行政监管与社会监督的作用与必要性。 | |
| 606 | 0 | @a信贷管理@x高等学校@j教材 |
| 690 | @aF830.51@v5 | |
| 701 | 0 | @a吴晶妹@c(女,@f1964~)@4主编@9wu jing mei |
| 701 | 0 | @a韩家平@4主编@9han jia ping |
| 801 | 0 | @aCN@bAZmarc@c20230902 |
| 905 | @aBZT@dF830@e238@f2@sF830/238 | |
| 信用管理学/吴晶妹,韩家平主编.-北京:高等教育出版社,2015 |
| 276页;25cm |
| 高等学校信用管理专业主要课程系列教材 |
| ISBN 978-7-04-043395-1:CNY39.00 |
| 本书主要阐述了信用的内涵、信用管理与社会和经济的关系,介绍了信用管理行业的现状与发展、信用数据与技术,论述了社会信用体系的构成与运行机制,介绍了信用管理在金融、工商与消费领域的发展,以及行政监管与社会监督的作用与必要性。 |
| ● |
| 相关链接 |
|
|
|
正题名:信用管理学
索取号:F830/238
 
预约/预借
| 序号 | 登录号 | 条形码 | 馆藏地/架位号 | 状态 | 备注 |
| 1 | 2000000884 | 2000000884 | 旧书回溯/ [索取号:F830/238] | 在馆 | |
| 2 | 2000008463 | 2000008463 | 旧书回溯/ [索取号:F830/238] | 在馆 |